000 00522nam a22001697a 4500
999 _c8760
_d8760
008 201214b ||||| |||| 00| 0 eng d
040 _aBMS College of Architecture
100 _aMalani, Swati
245 _aFashion Hub
300 _aiii,72p.
500 _a1BM11AT075
502 _8B,Arch
_NBMS College of Architecture, Visvesvaraya Technological University (VTU)
_aProject report
_d2015
650 _aGlobal Fashion Industry
700 _aMadhu Divakar J
_eGuide
700 _aArathi K Parigi
_eGuide
942 _2ddc
_cTHE